| 000 | 00978nas a2200289 4500 | ||
|---|---|---|---|
| 001 | BR2022000827 | ||
| 003 | BR-BrBNA | ||
| 005 | 20231205132317.0 | ||
| 007 | ta | ||
| 008 | 230509b bl.|||p| |||| 00| 00por d | ||
| 040 |
_aBR-BrBNA _bpor _cBiblioteca Nacional de Agricultura |
||
| 041 | _a(Pt) | ||
| 072 | _aH20 | ||
| 100 | 1 | _aBianchini, N.H. | |
| 100 | 1 | _aGouveia, F.N. | |
| 100 | 1 | _aSilveira, M.F. da | |
| 100 | 1 | _aPinheiro, C.G. | |
| 100 | 1 | _aHeinzmann, B.M. | |
| 245 | 1 | _aÓleos essenciais de Blepharocalyx, Nectandra e Piper: atividade sobre fungos apodrecedores de madeira | |
| 650 | _aPRESERVAÇÃO DA MADEIRA | ||
| 650 | _aÓLEO ESSENCIAL | ||
| 650 | _aFUNGO | ||
| 773 | 0 |
_tNativa. Pesquisas Agrárias e Ambientais (Brazil) _xISSN 2318-7670 _g(2022), v. 10(3) p. 417-422 _wBR2022000827 |
|
| 856 | 4 | 0 | _uhttps://periodicoscientificos.ufmt.br/ojs/index.php/nativa/article/view/13674/11463 |
| 909 |
_a202311 _bLúcia _c55 _dLúcia Elande |
||
| 942 |
_2AGRIS _n0 _cANA |
||
| 999 |
_c259621 _d259621 |
||